000
00255nam a22001097a 4500
040
_c
SY
082
_a
343
100
_a
NA
245
_a
ច្បាប់ស្ដីពីជលផល
260
_a
ជលផលកម្ពុជា
_b
NA
_c
2006
942
_c
KB
999
_c
9683
_d
9683